000 00641cam a2200241 4500
008 000000n2000 000 0 eng u
020 _a0419254404
035 _a(Sirsi) u101168
041 _aeng
050 _a624.05
245 _aSpon's civil engineering and highway works price book 2000
250 _a14th
260 _aLondon
_bE &F N Spon
_c2000
300 _axxvi, 646p. ; 24cm.
350 _a100.00
520 _a2000 edition.
650 _aBUILT ENVIRONMENT-BUILDING COSTS
650 _aHIGHWAY WORKS
650 _aCIVIL ENGINEERING
650 _aBUILDING PRICE BOOKS
690 _aBUILT ENVIRONMENT
942 _n0
999 _c100029
_d100029